000 004640000a22001810004500
003 MACL
005 20160120123353.0
008 160120b xxu||||| |||| 00| 0 eng d
040 _aMACL
_cMACL
041 _aEnglish
082 _a333.759/BRI
100 _aBright, P.S.
_933280
245 _aIndian Forest Service Exam
260 _bBright Careers
_c2003
_aNew Delhi
350 _a270
650 _aEconomics Of Land & Energy
_933557
942 _cBK
_k333./Bri
_2ddc
999 _c32811
_d32811